banner koha

Radiography and biometric analysis of broadleaf vegetable seeds (Registro n. 331802)

MARC details
000 -LÍDER
fixed length control field 04040nab a2200313 i 4500
003 - CÓDIGO MARC DA AGÊNCIA CATALOGADORA
Campo de controle BR-BrBNA
005 - DATA E HORA DA ÚLTIMA ATUALIZAÇÃO
Campo de controle 20250529135516.0
008 - CAMPO DE TAMANHO FIXO
fixed length control field 250529b2018 bl.ar|pooa||| 00| 0 eng |
040 ## - FONTE DA CATALOGAÇÃO
Agência catalogadora BR-BrBNA
Idioma da catalogação eng
072 ## - CATEGORIA AGRIS
Código AGRIS F03
Código do objeto 1600
072 ## - CATEGORIA AGRIS
Código AGRIS F50
100 ## - ENTRADA PRINCIPAL - NOME PESSOAL
Nome pessoal Vasconcelos, Michelle Conceição
100 ## - ENTRADA PRINCIPAL - NOME PESSOAL
Nome pessoal Costa, Joel Conceição
100 ## - ENTRADA PRINCIPAL - NOME PESSOAL
Nome pessoal Oliveira, Ariadne Morbeck Santos
100 ## - ENTRADA PRINCIPAL - NOME PESSOAL
Nome pessoal Granja, João Antônio Almeida
100 ## - ENTRADA PRINCIPAL - NOME PESSOAL
Nome pessoal Guimarães, Renato Mendes
245 ## - TÍTULO PRINCIPAL
Título principal Radiography and biometric analysis of broadleaf vegetable seeds
500 ## - NOTA GERAL
Nota geral <br/><br/>Publicação online; 20 ref.; 4 illus.; Summaries (En, Pt)
942 ## - ADDED ENTRY ELEMENTS (KOHA)
Koha item type Analítica
520 ## - NOTA DE RESUMO
Nota de conteúdo <br/><br/><br/>ABSTRACT: Image analysis is an easy to use and non-destructive technique that enables quick decision-making concerning seeds with germination problems or with delays in the analysis period. This work compared seeds of cress, lettuce, endive, chicory, mustard, cabbage and parsley of different classes (full and translucent), separated according to radiographic image, biometrics and germination test of the batches and evaluation of germinability by coat color. The survey was conducted using seeds of broadleaf vegetables subjected to radiographic analysis to obtain a sufficient number of full and translucent seeds for performing the germination test together with the first count and germination speed index. Then, the biometric analysis using the scanned images captured by the Seed Analysis System was performed. In the translucent seeds, except for chicory, it was observed that the germination, vigor and biometric parameters were lower when compared to the full seeds. It was concluded that the analysis of radiographic images is an effective way to categorize the physiological quality of broadleaf vegetables seeds and to demonstrate a connection with their biometrics, but seed coat color cannot be considered as a classification parameter in the studied species.<br/><br/><br/>KEYWORDS: GroundEye, Morphology, Physiological quality, X-ra
520 ## - NOTA DE RESUMO
Nota de conteúdo <br/><br/><br/>RESUMO: Análise de imagem é uma técnica de fácil utilização, não destrutiva e que possibilita a rápida tomada de decisão no caso de sementes com problemas na germinação ou demora no período de análise. Neste trabalho relacionou-se as classes de sementes (cheia e translúcida), separadas de acordo com a imagem radiográfica, a biometria e o teste de germinação de lotes de sementes de agrião, alface, almeirão, chicória, mostarda, repolho e salsa, como também a avaliação da capacidade de germinação por cor do tegumento. Esta pesquisa utilizou sementes de hortaliças folhosas, submetidas aos raios X até se obter o número suficiente destas cheias e translúcidas para o teste de germinação. Simultaneamente, foi feita a primeira contagem e o índice de velocidade de germinação. Em seguida, foi realizada a análise biométrica por meio de imagens digitalizadas do Sistema de Análise de Semente. Nas sementes translúcidas, com exceção do almeirão, observou-se que germinação, vigor e parâmetros biométricos foram menores quando comparadas às cheias. Conclui-se que a imagem radiográfica é eficiente para a classificação da qualidade fisiológica de sementes de hortaliças folhosas e demonstra uma relação com sua biometria, porém a cor do tegumento não pode ser considerada como parâmetro de classificação para todas as espécies.<br/><br/><br/>PALAVRAS-CHAVE: GroundEye, Morfologia, Qualidade fisiológica
650 ## - ASSUNTO - THESAGRO
Cabeçalho tópico ou nome geográfico HORTALIÇA FOLHOSA
650 ## - ASSUNTO - THESAGRO
Cabeçalho tópico ou nome geográfico TESTE DE SEMENTES
650 ## - ASSUNTO - THESAGRO
Cabeçalho tópico ou nome geográfico GERMINAÇÃO
650 ## - ASSUNTO - THESAGRO
Cabeçalho tópico ou nome geográfico MORFOLOGIA VEGETAL
773 0# - ENTRADA ANALÍTICA
Host Biblionumber 3551
Registro do item 345996
Imprenta Belém-PA Faculdade de Ciências Agrárias do Pará 1999
Outro identificador 2024-6645
Título Revista de Ciências Agrárias (Brazil)
ISSN 1517-591X Impresso/Versão online ISSN 2177-8760
Colação v. 61 p. 1-9; (2018)
Número de controle de registro BR2025001364
856 ## - ACESSO E ENDEREÇO ELETRÔNICO
Identificador uniforme de recurso - URI https://ajaes.ufra.edu.br/index.php/ajaes/article/view/2885/1514

Nenhum exemplar disponível.

BINAGRI

Telefone: (61)3218-2567/2388/3357/2097 - binagri@agro.gov.br

Ministério da Agricultura e Pecuária , Esplanada dos Ministérios, Bloco D, Anexo B, Brasília/DF, CEP: 70.043-900